000 00578 a2200205 4500
005 20260414111006.0
008 260413b |||||||| |||| 00| 0 eng d
020 _a9789354424458
_cRs. 1290.00
040 _aMAIN
082 _a305.40954
_bC349W
100 _aChakravarty, Deepita
245 _aWives and widows at work: Women's labour in agrarian Bengal, then and now
260 _bOrient Blackswan
_c2023
_aHyderabad
300 _axxv, 262
650 _aSociology
650 _aSocial Groups
650 _aWomen- India
700 _aChakravarty, Ishita
942 _cBK
999 _c394696
_d394696